Precarismo campesinado y democracia
Αποθηκεύτηκε σε:
| Κύριος συγγραφέας: | |
|---|---|
| Μορφή: | Κείμενο |
| Έκδοση: |
San José:
FLACSO
|
| Ετικέτες: |
Προσθήκη ετικέτας
Δεν υπάρχουν, Καταχωρήστε ετικέτα πρώτοι!
|
MARC
| LEADER | 00000 a a2200000 04500 | ||
|---|---|---|---|
| 001 | 23388 | ||
| 003 | |||
| 040 | |a CRAI/IIS |c CRAI/IIS | ||
| 020 | |a 9977-68-028-0 | ||
| 090 | |a 162000 | ||
| 100 | |a Villarreal M., Beatriz | ||
| 245 | |a Precarismo campesinado y democracia | ||
| 260 | |a San José: |b FLACSO | ||
| 300 | |a 99 p |b **no definido** | ||
| 999 | |c 3961 |d 3961 | ||



